| 000 | 00719nam a2200229 a 4500 | ||
|---|---|---|---|
| 005 | 20220817104833.0 | ||
| 008 | 160919s2006 mx r 000 0 spa d | ||
| 020 | _a9709923471 (Celistia) | ||
| 020 | _a9680103013 (SEP) | ||
| 035 | _aUPN01000213347 | ||
| 049 | _aI | ||
| 050 | 4 |
_aPZ7 _bA8.3 |
|
| 100 | 1 |
_aAshley, Bernard, _d1935- _939585 |
|
| 245 | 1 | 0 |
_aA Julia ... ¡la quieren el doble! / _cBernard Ashley ; il. Carol Thompson. |
| 260 |
_aMéxico : _bCelistia : _bSEP, _c2006. |
||
| 300 |
_a[32] p. : _bil. col. |
||
| 440 | 0 |
_aLibros del rincón. _pAl sol solito |
|
| 650 | 0 |
_aLiteratura infantil inglesa _911046 |
|
| 650 | 7 |
_aAbuelos _xRelaciones familiares _2 _915613 |
|
| 905 | _aInfantil | ||
| 999 |
_c185447 _d185447 |
||